000 00511nam a2200181Ia 4500
001 13300
005 20260306164751.0
008 260306t2013||||xx |||||||||||||| ||spa||
041 _aESP
082 _a001.42
_bM42 2013
100 _aMéndez, Carlos Eduardo
_eAUT
245 0 _aMetodología:
_bdiseño y desarrollo del proceso de investigación con énfasis en ciencias empresariales
260 _c2013
300 _a357 páginas :
_c23 cm.
650 _aGEN
654 _aCHU
942 _cLIB
_dJUS
_fJUS
_2ddc
_n
999 _c13300
_d13300